Online
Catalog

Recorrido de los universitarios con el honorable presidente Trujillo / (Record no. 29516)

MARC details
000 -CABECERA
campo de control de longitud fija 00797nam a2200205 a 4500
001 - NÚMERO DE CONTROL
campo de control 000030024
005 - FECHA Y HORA DE LA ÚLTIMA TRANSACCIÓN
campo de control 20240409073642.0
008 - DATOS DE LONGITUD FIJA--INFORMACIÓN GENERAL
campo de control de longitud fija 110428t1937 dr ac 000 0dspa d
040 ## - FUENTE DE LA CATALOGACIÓN
Centro catalogador/agencia de origen DO-SdBNP
Lengua de catalogación spa
Centro/agencia transcriptor BNPHU
082 ## - NÚMERO DE LA CLASIFICACIÓN DECIMAL DEWEY
Número de clasificación F-RD 37
049 ## - FONDOS LOCALES (OCLC)
Fondos de biblioteca BNPD
100 1# - ENTRADA PRINCIPAL--NOMBRE DE PERSONA
Nombre de persona Henríquez, Homero
9 (RLIN) 10292
245 10 - MENCIÓN DE TÍTULO
Título Recorrido de los universitarios con el honorable presidente Trujillo /
Mención de responsabilidad, etc. Homero Henríquez.
260 ## - PUBLICACIÓN, DISTRIBUCIÓN, ETC.
Lugar de publicación, distribución, etc. Ciudad Trujillo, República Dominicana :
Nombre del editor, distribuidor, etc. Listín Diario,
Fecha de publicación, distribución, etc. [1937?].
300 ## - DESCRIPCIÓN FÍSICA
Extensión 25 p. :
Otras características físicas il., retr. ;
Dimensiones 24 cm.
600 10 - PUNTO DE ACCESO ADICIONAL DE MATERIA--NOMBRE DE PERSONA
Nombre de persona Trujillo Molina, Rafael Leónidas,
Fechas asociadas al nombre 1891-1961
9 (RLIN) 76764
650 #4 - PUNTO DE ACCESO ADICIONAL DE MATERIA--TÉRMINO DE MATERIA
Término de materia o nombre geográfico como elemento de entrada Actividad política estudiantil
Subdivisión geográfica República Dominicana
Subdivisión general Historia
9 (RLIN) 55207
650 #4 - PUNTO DE ACCESO ADICIONAL DE MATERIA--TÉRMINO DE MATERIA
Término de materia o nombre geográfico como elemento de entrada Universidades
Subdivisión geográfica República Dominicana
Subdivisión general Historia
9 (RLIN) 7145
910 ## - DATOS DE OPCIÓN DEL USUARIO (OCLC)
Datos de opción del usuario Validado. Control de calidad EMS.
Holdings
Estado de retiro Estado de pérdida Restricciones de uso No para préstamo Código de colección Localización permanente Ubicación/localización actual Ubicación en estantería Fecha de adquisición Número de inventario Total de préstamos Signatura topográfica completa Código de barras Fecha visto por última vez Precio válido a partir de Tipo de ítem Koha Nota pública
      Excluido de préstamo Raros y valiosos Patrimonio Dominicano Patrimonio Dominicano Depósito 10.06.2011 LF1   F-RD 37 30024-20 25.06.2020 25.06.2020 No se presta Perteneció a la biblioteca personal de Carlos Larrazábal Blanco.

Powered by Koha